Hydraulika a hydrológia

Bibliographic Details
Main Author: Kovářík, Karel, 1947- (Author)
Format: Book
Language:Slovak
PhysicalDescription:186 s., 12,21 AH, 12,63 VH Grafy, sch., tab., lit. 3 zázn. v češ. a slov. 29 cm
Published: Žilina Vysoká škola dopravy a spojov 1994
ISBN:8071001988
Edition:1. vyd.
Subjects:

MARC

LEADER 00000nam a2200000 a 4500
001 vtls001075219
003 SK-MaSNL
005 20260302030713.0
008 240318s1994 xo slo
015 |a SNBA1994/06 
020 |a 8071001988  |c (250 výt.) 
035 |a SNK000018051 
035 |a urn:nbn:sk:snk-amlgr8 
035 |a urn:nbn:sk:snk-am00bnx2 
035 |a 93E443C0-27E2-4F53-BDB4-A7D55FAAE193 
040 |a SNK  |b slo  |c SNK  |e AACR2 
041 0 |a slo 
044 |a xo  |c SK 
080 |a 556.3+532(075.8)  |2 1981 
080 |a 532  |2 1981 
100 1 |a Kovářík, Karel,  |d 1947-  |4 aut  |9 198568 
245 1 0 |a Hydraulika a hydrológia  |c Karel Kovařík 
250 |a 1. vyd. 
260 |a Žilina  |b Vysoká škola dopravy a spojov  |c 1994  |e Žilina  |f Edičné stredisko VŠDS 
300 |a 186 s., 12,21 AH, 12,63 VH  |b Grafy, sch., tab., lit. 3 zázn. v češ. a slov.  |c 29 cm 
500 |a Schválil rektor VŠDS v Žiline ako skriptá 
650 0 7 |a hydrológia  |2 SNK  |9 853 
650 0 7 |a hydraulika  |2 SNK  |9 20899 
655 7 |a učebnice vysokých škôl  |2 SNKPH  |9 70191 
919 |a 80-7100-198-8 
958 |a OND 
999 |c 1048704  |d 1050634 
952 |t P60, <04>, [BOOK], {604}  |a SNK  |b SNK  |y VYP  |7 0  |p 17A0039458  |o snkSB 52500 D1  |0 0  |1 0  |4 0  |d 1997-02-22  |l 0  |r 2004-12-31 00:00:00  |w 2026-02-24 
952 |a SNK  |b SNK  |y PREZ  |7 0  |p 17A0905410  |o snkSB 52500   |0 0  |1 0  |4 0  |d 2012-07-17  |f 1  |l 0  |r 2025-03-18 00:00:00  |w 2026-02-24